skbl

Dr Suryya Kumar Bhuyan Library Web-OPAC
ডঃ সূৰ্য্য
কুমাৰ ভূঞা পুথিভঁৰাল ৱেব-অ'পেক

All Research Scholars are advised to clear the annual library fees to continue using Library Resources, Remote Access, Plagiarism Test and Library Clearance.

Cotton University Book Fair 2026

Q is For Quantum: Particle Physics From A to Z / (Record no. 2796)

MARC details
000 -LEADER
fixed length control field 00934nam a2200361Ia 4500
001 - CONTROL NUMBER
control field 2803
005 - DATE AND TIME OF LATEST TRANSACTION
control field 20240113233555.0
007 - PHYSICAL DESCRIPTION FIXED FIELD--GENERAL INFORMATION
fixed length control field ta
008 - FIXED-LENGTH DATA ELEMENTS--GENERAL INFORMATION
fixed length control field 050304s1999 a g b000 u eng u
020 ## - INTERNATIONAL STANDARD BOOK NUMBER
International Standard Book Number 81 7371 243 3
040 ## - CATALOGING SOURCE
Original cataloging agency Physics Dept
041 ## - LANGUAGE CODE
Language code of text/sound track or separate title eng
082 ## - DEWEY DECIMAL CLASSIFICATION NUMBER
Classification number 530.12
Item number Gr 87 Q
100 ## - MAIN ENTRY--PERSONAL NAME
Personal name Gribbin, John .
245 #0 - TITLE STATEMENT
Title Q is For Quantum: Particle Physics From A to Z /
Statement of responsibility, etc. John Gribbin.
Medium Textual Documents
250 ## - EDITION STATEMENT
Edition statement 1st ed. /
260 ## - PUBLICATION, DISTRIBUTION, ETC.
Place of publication, distribution, etc. Hyderabad :
Name of publisher, distributor, etc. Universities Press (India) Ltd ,
Date of publication, distribution, etc. 1999.
300 ## - PHYSICAL DESCRIPTION
Extent 545p. :
Other physical details ill ;
Dimensions 24cm .
500 ## - GENERAL NOTE
General note Timelines by Gribbin
504 ## - BIBLIOGRAPHY, ETC. NOTE
Bibliography, etc. note Index
653 ## - INDEX TERM--UNCONTROLLED
Uncontrolled term Physics
653 ## - INDEX TERM--UNCONTROLLED
Uncontrolled term Quantum Mechanics
653 ## - INDEX TERM--UNCONTROLLED
Uncontrolled term PG-Physics
653 ## - INDEX TERM--UNCONTROLLED
Uncontrolled term Deptt.-Physics
700 ## - ADDED ENTRY--PERSONAL NAME
Personal name Gribbi, Mary .
700 ## - ADDED ENTRY--PERSONAL NAME
Personal name Gribbin, Jonathan .
942 ## - ADDED ENTRY ELEMENTS (KOHA)
Source of classification or shelving scheme Dewey Decimal Classification
Koha item type Books
Holdings
Withdrawn status Lost status Damaged status Not for loan Collection Home library Current library Date acquired Coded location qualifier Total checkouts Full call number Barcode Date last seen Copy number Price effective from Koha item type
          Dr. Suryya Kumar Bhuyan Library Dr. Suryya Kumar Bhuyan Library 01/02/2012 00000   530.12 Gr 87 Q 857/Phy 13/01/2024 4 01/02/2012 Books
          Dr. Suryya Kumar Bhuyan Library Dr. Suryya Kumar Bhuyan Library 01/02/2012 00000   530.12 Gr 87 Q 713/Phy 13/01/2024 1 01/02/2012 Books
          Dr. Suryya Kumar Bhuyan Library Dr. Suryya Kumar Bhuyan Library 01/02/2012 00000   530.12 Gr 87 Q 765/Phy 13/01/2024 3 01/02/2012 Books
          Dr. Suryya Kumar Bhuyan Library Dr. Suryya Kumar Bhuyan Library 01/02/2012 00000   530.12 Gr 87 Q 766/Phy 13/01/2024 2 01/02/2012 Books

Designed and Maintained by Team SKBL
©1901-2026

Powered by Koha